000 00378nam a2200157Ia 4500
008 220803s9999 xx 000 0 und d
020 _a9788496263666
041 _aeng
082 _a712 KRA
100 _aKrauel J
_925894
245 _aArt Of Landscape
260 _aSpain
_bBroto Carles
_c2006
300 _a180p
500 _aLANDS
650 _aLandscape Architecture
_925895
999 _c16604
_d16604